[Event "Huddersfield 4NCL Open"]
[Site "Huddersfield"]
[Date "2025.01.18"]
[Round "3.9"]
[White "Southcott-Moyers, Indy"]
[Black "Henderson, David"]
[Result "1-0"]
[WhiteElo "2280"]
[BlackElo "2062"]
[PlyCount "105"]
[EventDate "2025.01.17"]
[EventType "swiss"]
[EventRounds "5"]
[EventCountry "ENG"]
[SourceTitle "BritBase"]
[Source "John Saunders"]
[SourceDate "2025.09.16"]
[SourceVersion "1"]
[SourceVersionDate "2025.09.16"]
[SourceQuality "1"]

1. d4 d5 2. c4 e6 3. Nf3 Nf6 4. Nc3 Be7 5. g3 O-O 6. Bg2 dxc4 7. Ne5 c5 8. dxc5 Qxd1+ 9. Nxd1 Bxc5 10. O-O Nd5 11. Ne3 Nc6 12. N3xc4 Nxe5 13. Nxe5 f6 14. Nd3 Be7 15. e4 Nb6 16. e5 Nd5 17. exf6 Bxf6 18. Re1 Bd7 19. Nf4 Bc6 20. Rxe6 Nxf4 21. Bxf4 Bxg2 22. Kxg2 Rac8 23. Re2 Rfd8 24. Rae1 Kf7 25. Be5 Rd7 26. Bxf6 Kxf6 27. Re6+ Kf7 28. R1e2 Rc5 29. h4 Rcd5 30. R6e4 R5d6 31. Rf4+ Rf6 32. Rfe4 h6 33. h5 Rc7 34. g4 Rd7 35. Kg3 Rfd6 36. f3 Rc6 37. Re8 a6 38. a4 Rb6 39. a5 Rxb2 40. R2e5 Rb5 41. Rxb5 Kxe8 42. Rc5 Kf7 43. f4 Rd3+ 44. Kh4 Rb3 45. g5 hxg5+ 46. fxg5 Rb4+ 47. Kg3 b6 48. Rc7+ Kf8 49. g6 bxa5 50. Rc8+ Ke7 51. h6 Rb6 52. h7 Rxg6+ 53. Kf2 1-0

[Event "Huddersfield 4NCL Open"]
[Site "Huddersfield"]
[Date "2025.01.18"]
[Round "3.10"]
[White "Cook, Phil"]
[Black "Mikalajunas, Kajus"]
[Result "1-0"]
[WhiteElo "2099"]
[BlackElo "2214"]
[PlyCount "85"]
[EventDate "2025.01.17"]
[EventType "swiss"]
[EventRounds "5"]
[EventCountry "ENG"]
[SourceTitle "BritBase"]
[Source "John Saunders"]
[SourceDate "2025.09.16"]
[SourceVersion "1"]
[SourceVersionDate "2025.09.16"]
[SourceQuality "1"]

1. e4 c6 2. d4 d5 3. exd5 cxd5 4. Nf3 Nf6 5. Ne5 g6 6. Bb5+ Nbd7 7. O-O Bg7 8. Re1 O-O 9. Nf3 Ne4 10. c3 Qb6 11. Bd3 f5 12. Qb3 Qxb3 13. axb3 e5 14. dxe5 Nxe5 15. Nxe5 Bxe5 16. f3 Nc5 17. Bc2 Re8 18. Bf4 Bd4+ 19. Kf1 Rxe1+ 20. Kxe1 Bf6 21. Be3 b6 22. b4 Nd7 23. Bb3 Bb7 24. Na3 Re8 25. Kf2 Ne5 26. Rd1 Kg7 27. Nb5 Re7 28. Nxa7 Nxf3 29. Bxb6 Nxh2 30. Bxd5 Ng4+ 31. Kf1 Bxd5 32. Rxd5 Bh4 33. Rd1 Re4 34. b5 Rf4+ 35. Kg1 Bf2+ 36. Bxf2 Rxf2 37. b4 Ra2 38. b6 f4 39. b7 f3 40. gxf3 Ne5 41. b8=Q Nxf3+ 42. Kh1 Rh2+ 43. Qxh2 1-0

[Event "Huddersfield 4NCL Open"]
[Site "Huddersfield"]
[Date "2025.01.18"]
[Round "3.11"]
[White "Boswell, Jacob Connor"]
[Black "Quaite, Toby"]
[Result "1-0"]
[WhiteElo "2335"]
[BlackElo "2094"]
[PlyCount "71"]
[EventDate "2025.01.17"]
[EventType "swiss"]
[EventRounds "5"]
[EventCountry "ENG"]
[SourceTitle "BritBase"]
[Source "John Saunders"]
[SourceDate "2025.09.16"]
[SourceVersion "1"]
[SourceVersionDate "2025.09.16"]
[SourceQuality "1"]

1. e4 Nf6 2. e5 Nd5 3. d4 d6 4. c4 Nb6 5. f4 dxe5 6. fxe5 Nc6 7. Be3 Bf5 8. Nc3 e6 9. Nf3 Be7 10. Be2 O-O 11. O-O f6 12. exf6 Bxf6 13. Qd2 Qe7 14. Rad1 Rad8 15. Qc1 Bg4 16. Ne4 h6 17. Kh1 Bxf3 18. Nxf6+ Rxf6 19. Bxf3 e5 20. d5 e4 21. Be2 Rxf1+ 22. Rxf1 Ne5 23. Qc2 Ned7 24. Bg4 Nf6 25. Bh3 c6 26. d6 Qe5 27. Bf4 Qc5 28. Qc3 Kh7 29. b3 Nbd5 30. Qe5 Re8 31. Be6 Rxe6 32. Qxe6 Nxf4 33. Rxf4 Qd4 34. h3 Qa1+ 35. Kh2 Qxa2 36. Rxf6 1-0

[Event "Huddersfield 4NCL Open"]
[Site "Huddersfield"]
[Date "2025.01.18"]
[Round "3.12"]
[White "Kanyamarala, Trisha"]
[Black "Hepworth, Peter"]
[Result "1-0"]
[WhiteElo "2279"]
[BlackElo "2027"]
[PlyCount "105"]
[EventDate "2025.01.17"]
[EventType "swiss"]
[EventRounds "5"]
[EventCountry "ENG"]
[SourceTitle "BritBase"]
[Source "John Saunders"]
[SourceDate "2025.09.16"]
[SourceVersion "1"]
[SourceVersionDate "2025.09.16"]
[SourceQuality "1"]

1. d4 Nf6 2. c4 e6 3. Nf3 d5 4. Nc3 Be7 5. Bf4 O-O 6. Rc1 c6 7. e3 b6 8. Bd3 Bb7 9. cxd5 exd5 10. Ne5 Nbd7 11. O-O Nxe5 12. dxe5 Ne8 13. Qc2 h6 14. Rfd1 Bg5 15. Bg3 Bh4 16. Ne2 Bxg3 17. Nxg3 Qe7 18. f4 f6 19. Bh7+ Kh8 20. Nf5 Qd7 21. Nh4 Qg4 22. Ng6+ Kxh7 23. Nxf8+ Kg8 24. Ng6 Kf7 25. f5 Qg5 26. e6+ Kg8 27. Qd3 Nd6 28. Rf1 Re8 29. Rf4 c5 30. Rcf1 d4 31. Nh4 Nxf5 32. Qxf5 Qxf5 33. Nxf5 Ba6 34. Rd1 Rxe6 35. exd4 cxd4 36. Rfxd4 Re5 37. Nd6 Kh7 38. Ra4 Be2 39. Re1 a5 40. Rd4 a4 41. Kf2 a3 42. bxa3 Ra5 43. Rxe2 Rxa3 44. Nf5 Kg6 45. Ng3 Kg5 46. h4+ Kg6 47. Rg4+ Kf7 48. Nf5 g5 49. h5 Ra5 50. Nd6+ Kf8 51. Rc4 f5 52. Re8+ Kg7 53. Rc7+ 1-0

[Event "Huddersfield 4NCL Open"]
[Site "Huddersfield"]
[Date "2025.01.18"]
[Round "3.13"]
[White "Astrom, Lars"]
[Black "Hopkins, Kit W"]
[Result "1-0"]
[WhiteElo "2207"]
[BlackElo "2011"]
[PlyCount "26"]
[EventDate "2025.01.17"]
[EventType "swiss"]
[EventRounds "5"]
[EventCountry "ENG"]
[SourceTitle "BritBase"]
[Source "John Saunders"]
[SourceDate "2025.09.16"]
[SourceVersion "1"]
[SourceVersionDate "2025.09.16"]
[SourceQuality "1"]

1. e4 e5 2. Nf3 Nc6 3. Bb5 Nge7 4. Nc3 Ng6 5. h4 Be7 6. h5 Nh4 7. Nxh4 Bxh4 8. Qg4 Bf6 9. h6 g6 10. Ba4 Nd4 11. Nd5 Bg5 12. Nxc7+ Qxc7 13. Qxg5 Qd8 1-0

[Event "Huddersfield 4NCL Open"]
[Site "Huddersfield"]
[Date "2025.01.18"]
[Round "3.14"]
[White "Ter-Gevorkian, Aram"]
[Black "Elgar, Tim"]
[Result "1/2-1/2"]
[WhiteElo "2045"]
[BlackElo "2139"]
[PlyCount "140"]
[EventDate "2025.01.17"]
[EventType "swiss"]
[EventRounds "5"]
[EventCountry "ENG"]
[SourceTitle "BritBase"]
[Source "John Saunders"]
[SourceDate "2025.09.16"]
[SourceVersion "1"]
[SourceVersionDate "2025.09.16"]
[SourceQuality "1"]

1. d4 Nf6 2. e3 g6 3. b3 Bg7 4. Bb2 O-O 5. Nf3 d6 6. Bd3 c5 7. Nbd2 cxd4 8. exd4 Nh5 9. g3 Bh3 10. Qe2 Nc6 11. a3 e5 12. dxe5 dxe5 13. O-O-O Qc7 14. Ng5 Qc8 15. Nxh3 Qxh3 16. Nf3 Nd4 17. Bxd4 exd4 18. Nh4 Nf6 19. Qf3 Qc8 20. Ng2 Qc5 21. Kb2 Nd5 22. Nf4 Nb6 23. h4 a5 24. Ka2 Rfc8 25. h5 Qd6 26. hxg6 hxg6 27. Rh4 Bf8 28. Rdh1 Bg7 29. Rg4 a4 30. b4 Rc6 31. Qe4 Rac8 32. Rg5 Qf6 33. Rc5 Nd7 34. Rxc6 bxc6 35. Ba6 Rd8 36. Nd3 Nb6 37. Bb7 Nd5 38. Kb2 Rb8 39. Ba6 Nc3 40. Qf4 Qd8 41. Bc4 Rb7 42. Qh4 Qd6 43. Qf4 Qxf4 44. Nxf4 c5 45. Nd3 Ne4 46. Ka2 cxb4 47. axb4 Rc7 48. Nb2 Nxf2 49. Rf1 Ne4 50. Bd3 Nc3+ 51. Ka3 Bf8 52. Nd1 Rb7 53. Nxc3 Bxb4+ 54. Kxa4 Bxc3 55. g4 Kg7 56. Ka3 Rb6 57. Rf4 f6 58. Re4 Kh6 59. Re8 Rb7 60. Rg8 Rg7 61. Rxg7 Kxg7 62. Kb3 Kh6 63. Kc4 Kg5 64. Be2 f5 65. gxf5 Kxf5 66. Bd3+ Kf6 67. Kd5 g5 68. Ke4 Kg6 69. Kf3+ Kh5 70. Kg2 Kg4 1/2-1/2

[Event "Huddersfield 4NCL Open"]
[Site "Huddersfield"]
[Date "2025.01.18"]
[Round "3.15"]
[White "Cast, Julian"]
[Black "Varley, Joe"]
[Result "1-0"]
[WhiteElo "2005"]
[BlackElo "2127"]
[PlyCount "107"]
[EventDate "2025.01.17"]
[EventType "swiss"]
[EventRounds "5"]
[EventCountry "ENG"]
[SourceTitle "BritBase"]
[Source "John Saunders"]
[SourceDate "2025.09.16"]
[SourceVersion "1"]
[SourceVersionDate "2025.09.16"]
[SourceQuality "1"]

1. d4 Nf6 2. Nf3 g6 3. e3 Bg7 4. Bd3 d6 5. O-O O-O 6. b3 Nbd7 7. Bb2 e5 8. dxe5 Ng4 9. c4 Ndxe5 10. Nxe5 Nxe5 11. Nc3 Nxd3 12. Qxd3 Re8 13. Rab1 Qh4 14. Qd2 Bf5 15. Rbe1 c6 16. f3 Rad8 17. e4 Bc8 18. Rd1 f5 19. Rfe1 Bh6 20. Qf2 Qxf2+ 21. Kxf2 Bg7 22. exf5 Rxe1 23. Rxe1 Bxf5 24. g4 Bd7 25. Na4 Bf8 26. Bf6 Re8 27. Rxe8 Bxe8 28. Nc3 Kf7 29. Bd4 b6 30. Ne4 h6 31. f4 Bd7 32. Kf3 d5 33. cxd5 cxd5 34. Ng3 Bc5 35. Ne2 Bb5 36. Nc3 Bc6 37. Ne2 Bb7 38. h3 Ba6 39. Bxc5 bxc5 40. Nc3 Ke6 41. Na4 Kd6 42. f5 gxf5 43. gxf5 Bb5 44. Nc3 Bc6 45. Kf4 d4 46. Nd1 a5 47. Nb2 Bb5 48. Ke4 Be2 49. h4 Bb5 50. Kf4 Kd5 51. Nd1 a4 52. Nf2 a3 53. Ne4 Bd3 54. f6 1-0

[Event "Huddersfield 4NCL Open"]
[Site "Huddersfield"]
[Date "2025.01.18"]
[Round "3.16"]
[White "Ashton, Alannah"]
[Black "Booth, Steven B"]
[Result "1/2-1/2"]
[WhiteElo "2100"]
[BlackElo "1999"]
[PlyCount "89"]
[EventDate "2025.01.17"]
[EventType "swiss"]
[EventRounds "5"]
[EventCountry "ENG"]
[SourceTitle "BritBase"]
[Source "John Saunders"]
[SourceDate "2025.09.16"]
[SourceVersion "1"]
[SourceVersionDate "2025.09.16"]
[SourceQuality "1"]

1. e4 c6 2. d4 d5 3. e5 Bf5 4. h4 h6 5. g4 Bd7 6. c4 Qc8 7. f3 h5 8. gxh5 Bf5 9. Nc3 e6 10. Nge2 dxc4 11. Ng3 Bd3 12. Bxd3 cxd3 13. Nge4 Rxh5 14. Qxd3 Nd7 15. Bg5 Nb6 16. f4 Qd7 17. f5 Nd5 18. O-O exf5 19. Nd6+ Bxd6 20. exd6 Rxg5+ 21. hxg5 g6 22. Nxd5 cxd5 23. Qe3+ Kf8 24. Qf4 Rd8 25. Rac1 Qxd6 26. Qxd6+ Rxd6 27. Rc8+ Kg7 28. Re1 Rd7 29. Ree8 Ne7 30. Red8 Rxd8 31. Rxd8 f6 32. Rd7 Kf7 33. gxf6 Kxf6 34. Rxb7 f4 35. Rxa7 Nf5 36. Ra6+ Kg5 37. b4 Nxd4 38. Rd6 Ne2+ 39. Kf2 Nc3 40. Kf3 Kf5 41. Rd8 g5 42. Rf8+ Ke5 43. Rg8 Kf5 44. Rf8+ Ke5 45. Rg8 1/2-1/2

[Event "Huddersfield 4NCL Open"]
[Site "Huddersfield"]
[Date "2025.01.18"]
[Round "3.17"]
[White "Collinson, Mark I"]
[Black "Zhu, Yaoyao"]
[Result "1/2-1/2"]
[WhiteElo "1989"]
[BlackElo "2091"]
[PlyCount "72"]
[EventDate "2025.01.17"]
[EventType "swiss"]
[EventRounds "5"]
[EventCountry "ENG"]
[SourceTitle "BritBase"]
[Source "John Saunders"]
[SourceDate "2025.09.16"]
[SourceVersion "1"]
[SourceVersionDate "2025.09.16"]
[SourceQuality "1"]

1. d4 d5 2. c4 e6 3. Nf3 Nf6 4. g3 Bd6 5. Bg2 O-O 6. Nc3 Nc6 7. O-O dxc4 8. e4 e5 9. d5 Nb4 10. Nd2 Nd3 11. Nxc4 Nxc1 12. Rxc1 a6 13. Nxd6 cxd6 14. Qb3 b5 15. Rc2 Nd7 16. Qa3 Qb6 17. b4 g6 18. Rfc1 Bb7 19. Nd1 a5 20. Ne3 axb4 21. Qxb4 Ra4 22. Qb1 Rfa8 23. Rb2 Qd8 24. Rxb5 Ba6 25. Rb4 Bd3 26. Qb3 Nc5 27. Rxc5 Rxb4 28. Qxb4 dxc5 29. Qc3 c4 30. Qxe5 Rxa2 31. Ng4 Ra6 32. Nh6+ Kf8 33. Qh8+ Ke7 34. Qe5+ Kf8 35. Qh8+ Ke7 36. Qe5+ Kf8 1/2-1/2

[Event "Huddersfield 4NCL Open"]
[Site "Huddersfield"]
[Date "2025.01.18"]
[Round "3.18"]
[White "Rich, Ben S"]
[Black "Sanada, Tetsuaki"]
[Result "0-1"]
[WhiteElo "1940"]
[BlackElo "2058"]
[PlyCount "46"]
[EventDate "2025.01.17"]
[EventType "swiss"]
[EventRounds "5"]
[EventCountry "ENG"]
[SourceTitle "BritBase"]
[Source "John Saunders"]
[SourceDate "2025.09.16"]
[SourceVersion "1"]
[SourceVersionDate "2025.09.16"]
[SourceQuality "1"]

1. a3 d5 2. c4 c6 3. e3 g6 4. Nc3 Nf6 5. Nf3 Bg7 6. b3 O-O 7. Bb2 b6 8. Rc1 Bb7 9. Qc2 Nbd7 10. d4 Rc8 11. Bd3 c5 12. O-O dxc4 13. bxc4 Bxf3 14. gxf3 cxd4 15. exd4 e5 16. d5 Nc5 17. Rcd1 Nh5 18. Bc1 Qh4 19. Be2 Nf4 20. Bxf4 Qxf4 21. Qd2 Qh4 22. Ne4 Bh6 23. Qc2 Nxe4 0-1

[Event "Huddersfield 4NCL Open"]
[Site "Huddersfield"]
[Date "2025.01.18"]
[Round "3.19"]
[White "Rich, Aaron"]
[Black "Sharma, Devesh"]
[Result "0-1"]
[WhiteElo "2057"]
[BlackElo "1780"]
[PlyCount "116"]
[EventDate "2025.01.17"]
[EventType "swiss"]
[EventRounds "5"]
[EventCountry "ENG"]
[SourceTitle "BritBase"]
[Source "John Saunders"]
[SourceDate "2025.09.16"]
[SourceVersion "1"]
[SourceVersionDate "2025.09.16"]
[SourceQuality "1"]

1. b3 d5 2. Bb2 Bf5 3. e3 e6 4. f4 Nf6 5. Nf3 h6 6. Be2 Be7 7. Nc3 Nbd7 8. O-O O-O 9. Rc1 c5 10. Qe1 a6 11. Nd1 Re8 12. Nf2 b5 13. d3 Rc8 14. c4 dxc4 15. dxc4 Qb6 16. Bd3 Bxd3 17. Nxd3 Ne4 18. Nde5 Nxe5 19. Nxe5 Bf6 20. Nd7 Qd8 21. Nxf6+ Nxf6 22. Qg3 Qe7 23. h3 Red8 24. Rfd1 Kh7 25. Kh2 Ne8 26. e4 f5 27. exf5 exf5 28. Re1 Qf7 29. Qh4 Rd7 30. Re2 Nd6 31. Rce1 Ne4 32. cxb5 axb5 33. g4 Nd2 34. Qf2 Rcd8 35. Qg2 c4 36. gxf5 Qxf5 37. Be5 Qf7 38. bxc4 bxc4 39. Kh1 Rd3 40. Rg1 g6 41. Bc7 R8d7 42. Be5 Qf5 43. Rc1 Rxh3+ 44. Kg1 Nf3+ 45. Kf1 Nxe5 46. Rce1 Rf3+ 47. Kg1 Qxf4 48. Re4 Qf6 49. Rxe5 Qb6+ 50. Kh1 Qf6 51. R5e4 Rf2 52. Re7+ Rxe7 53. Rxe7+ Qxe7 54. Qxf2 c3 55. a4 Qb7+ 56. Kg1 Qb1+ 57. Kg2 Qb2 58. a5 Qxf2+ 0-1

[Event "Huddersfield 4NCL Open"]
[Site "Huddersfield"]
[Date "2025.01.18"]
[Round "3.20"]
[White "Ackley, Peter"]
[Black "Wedge, David C"]
[Result "1-0"]
[WhiteElo "2093"]
[BlackElo "1899"]
[PlyCount "55"]
[EventDate "2025.01.17"]
[EventType "swiss"]
[EventRounds "5"]
[EventCountry "ENG"]
[SourceTitle "BritBase"]
[Source "John Saunders"]
[SourceDate "2025.09.16"]
[SourceVersion "1"]
[SourceVersionDate "2025.09.16"]
[SourceQuality "1"]

1. c4 g6 2. Nc3 Bg7 3. Nf3 d6 4. g3 e5 5. d4 exd4 6. Nxd4 Nf6 7. Bg2 O-O 8. O-O a6 9. b3 Nbd7 10. Bb2 Nc5 11. Qc2 Re8 12. Rfd1 Rb8 13. Rac1 Ne6 14. Nd5 Nxd4 15. Bxd4 c5 16. Nxf6+ Bxf6 17. Bxc5 Re6 18. Bh3 Qe7 19. Bxe6 dxc5 20. Bxc8 Rxc8 21. Rd5 h5 22. h4 Re8 23. e3 Bxh4 24. gxh4 Qxh4 25. Kf1 g5 26. Ke2 Qg4+ 27. Kd2 Re4 28. Rxg5+ 1-0

[Event "Huddersfield 4NCL Open"]
[Site "Huddersfield"]
[Date "2025.01.18"]
[Round "3.21"]
[White "Gunarathne, Senith"]
[Black "Sasikumar, Srivathsan"]
[Result "0-1"]
[WhiteElo "1922"]
[BlackElo "2047"]
[PlyCount "116"]
[EventDate "2025.01.17"]
[EventType "swiss"]
[EventRounds "5"]
[EventCountry "ENG"]
[SourceTitle "BritBase"]
[Source "John Saunders"]
[SourceDate "2025.09.16"]
[SourceVersion "1"]
[SourceVersionDate "2025.09.16"]
[SourceQuality "1"]

1. e4 c5 2. Nf3 Nc6 3. d4 cxd4 4. Nxd4 g6 5. Nc3 Bg7 6. Be3 Nf6 7. Bc4 O-O 8. Bb3 d6 9. f3 Bd7 10. Qd2 Nxd4 11. Bxd4 b5 12. g4 a5 13. h4 a4 14. Bd5 b4 15. Ne2 Nxd5 16. Bxg7 Kxg7 17. exd5 Qb6 18. O-O-O b3 19. axb3 axb3 20. Qd4+ Qxd4 21. Nxd4 bxc2 22. Kxc2 Ra5 23. Ne2 Ba4+ 24. b3 Rc5+ 25. Kb2 Bxb3 26. Rc1 Bxd5 27. Rxc5 dxc5 28. Rf1 Rb8+ 29. Kc2 Rb4 30. Nc3 Bb3+ 31. Kd2 Rd4+ 32. Ke3 Bc4 33. Rc1 Rd3+ 34. Ke4 Ba6 35. Kf4 Bb7 36. Ne4 f6 37. Rc4 e5+ 38. Kg3 Bxe4 39. Rxe4 Rd4 40. Re3 c4 41. Rc3 Kf7 42. Ra3 Ke6 43. Ra7 Rd7 44. Ra5 Rc7 45. Ra6+ Kd5 46. Ra1 c3 47. Kf2 c2 48. Rc1 Kd4 49. Ke2 Kc3 50. g5 f5 51. h5 Kb2 52. hxg6 hxg6 53. f4 exf4 54. Re1 Re7+ 55. Kf2 Rxe1 56. Kg2 c1=Q 57. Kh2 Rh1+ 58. Kg2 Qf1# 0-1

[Event "Huddersfield 4NCL Open"]
[Site "Huddersfield"]
[Date "2025.01.18"]
[Round "3.22"]
[White "Waterfield, Mark B"]
[Black "Doran, Chris"]
[Result "1-0"]
[WhiteElo "1917"]
[BlackElo "2045"]
[PlyCount "59"]
[EventDate "2025.01.17"]
[EventType "swiss"]
[EventRounds "5"]
[EventCountry "ENG"]
[SourceTitle "BritBase"]
[Source "John Saunders"]
[SourceDate "2025.09.16"]
[SourceVersion "1"]
[SourceVersionDate "2025.09.16"]
[SourceQuality "1"]

1. e4 c5 2. Nf3 d6 3. d4 cxd4 4. Nxd4 Nf6 5. Nc3 g6 6. Be3 Bg7 7. f3 Nc6 8. Qd2 O-O 9. O-O-O d5 10. Nxc6 bxc6 11. exd5 Nxd5 12. Nxd5 cxd5 13. Qxd5 Qc7 14. Qc5 Qb7 15. Qa3 Bf5 16. Bd4 Rfc8 17. c4 Bh6+ 18. Be3 Bxe3+ 19. Qxe3 Qa6 20. Qa3 Rxc4+ 21. Bxc4 Qxc4+ 22. Kd2 Rd8+ 23. Ke3 Rc8 24. Qxe7 Kg7 25. Rd8 Rxd8 26. Qxd8 Qxa2 27. Qd4+ Kg8 28. Rd1 h5 29. Kf2 a5 30. Qf6 1-0

[Event "Huddersfield 4NCL Open"]
[Site "Huddersfield"]
[Date "2025.01.18"]
[Round "3.23"]
[White "Nezis, Anastasios"]
[Black "Bryant, Harry"]
[Result "1/2-1/2"]
[WhiteElo "1811"]
[BlackElo "2022"]
[PlyCount "130"]
[EventDate "2025.01.17"]
[EventType "swiss"]
[EventRounds "5"]
[EventCountry "ENG"]
[SourceTitle "BritBase"]
[Source "John Saunders"]
[SourceDate "2025.09.16"]
[SourceVersion "1"]
[SourceVersionDate "2025.09.16"]
[SourceQuality "1"]

1. Nf3 Nf6 2. c4 e6 3. b3 d5 4. Bb2 c5 5. e3 Nc6 6. cxd5 exd5 7. d4 cxd4 8. Nxd4 Bb4+ 9. Bc3 a5 10. a3 Bc5 11. Nxc6 bxc6 12. Qf3 Ne4 13. Bd3 Nxc3 14. Nxc3 Rb8 15. Qg3 Qf6 16. Qxb8 Qxc3+ 17. Ke2 O-O 18. Qf4 Qb2+ 19. Kf3 Qxb3 20. Rhd1 h6 21. h4 h5 22. Bf5 Ba6 23. Rdb1 Qc3 24. Rc1 Qb2 25. Rab1 Be2+ 26. Kg3 Qxa3 27. Kh3 Bd6 28. Qg5 Be7 29. Qf4 c5 30. Rc2 Bd3 31. Bxd3 Qxd3 32. Rcb2 c4 33. Rb8 Qg6 34. Rxf8+ Bxf8 35. Rb8 Qe6+ 36. Kh2 c3 37. Qc7 f6 38. g3 a4 39. Qxc3 Qd6 40. Rb5 g6 41. Qd3 Kf7 42. Rxd5 Qe6 43. Rd7+ Be7 44. Qd5 a3 45. Qxe6+ Kxe6 46. Ra7 Bc5 47. Ra6+ Kd5 48. Kh3 Kc4 49. g4 Kb3 50. gxh5 gxh5 51. Kg3 a2 52. Rxa2 Kxa2 53. e4 Kb3 54. Kf4 Bxf2 55. e5 Bd4 56. exf6 Bxf6 57. Kg3 Kc3 58. Kg2 Kd3 59. Kh1 Ke3 60. Kg1 Kf3 61. Kh1 Kf2 62. Kh2 Bxh4 63. Kh1 Kg3 64. Kg1 Kh3 65. Kh1 Bf2 1/2-1/2

[Event "Huddersfield 4NCL Open"]
[Site "Huddersfield"]
[Date "2025.01.18"]
[Round "3.24"]
[White "Keely, Leo A"]
[Black "Pitel, Benedikt"]
[Result "1-0"]
[WhiteElo "1959"]
[BlackElo "1890"]
[PlyCount "53"]
[EventDate "2025.01.17"]
[EventType "swiss"]
[EventRounds "5"]
[EventCountry "ENG"]
[SourceTitle "BritBase"]
[Source "John Saunders"]
[SourceDate "2025.09.16"]
[SourceVersion "1"]
[SourceVersionDate "2025.09.16"]
[SourceQuality "1"]

1. e4 c6 2. d4 d5 3. exd5 cxd5 4. c4 Nf6 5. Nc3 e6 6. Nf3 Nc6 7. cxd5 Nxd5 8. Bc4 Nb6 9. Bb3 Be7 10. O-O O-O 11. Ne4 Nd5 12. a3 b6 13. Re1 Bb7 14. Qd3 h6 15. Bc2 Qc7 16. Nd6 Nf6 17. Nxb7 Qxb7 18. Ne5 Nxe5 19. dxe5 Rfd8 20. Qg3 Ne4 21. Rxe4 Rac8 22. Bxh6 g6 23. Re2 Qa6 24. Bxg6 Kh8 25. Bd3 Rg8 26. Bxa6 Rxg3 27. hxg3 1-0

[Event "Huddersfield 4NCL Open"]
[Site "Huddersfield"]
[Date "2025.01.18"]
[Round "3.25"]
[White "Patel, Keatan"]
[Black "Longson, Sarah N"]
[Result "1/2-1/2"]
[WhiteElo "2090"]
[BlackElo "2044"]
[PlyCount "69"]
[EventDate "2025.01.17"]
[EventType "swiss"]
[EventRounds "5"]
[EventCountry "ENG"]
[SourceTitle "BritBase"]
[Source "John Saunders"]
[SourceDate "2025.09.16"]
[SourceVersion "1"]
[SourceVersionDate "2025.09.16"]
[SourceQuality "1"]

1. e4 e5 2. Nf3 Nc6 3. Bb5 a6 4. Ba4 Nf6 5. d3 b5 6. Bb3 Bc5 7. Nc3 h6 8. Nd5 d6 9. c3 Nxd5 10. Bxd5 Bd7 11. O-O O-O 12. Be3 Bxe3 13. fxe3 Rb8 14. Qe1 Ne7 15. Bb3 c5 16. Qg3 c4 17. dxc4 bxc4 18. Bxc4 Rxb2 19. Nh4 Qc8 20. Bb3 a5 21. Qe1 a4 22. Qc1 a3 23. Rf2 Rxf2 24. Kxf2 Qc5 25. Qc2 Rc8 26. Rc1 d5 27. Nf3 Rb8 28. Nxe5 Be6 29. Nd3 Qb6 30. Nf4 Qc6 31. Rb1 Rc8 32. exd5 Bxd5 33. Nxd5 Nxd5 34. Bxd5 Qxd5 35. Rd1 1/2-1/2

[Event "Huddersfield 4NCL Open"]
[Site "Huddersfield"]
[Date "2025.01.18"]
[Round "3.26"]
[White "Cuaresma, Gerald"]
[Black "Burke, Mitchell R"]
[Result "0-1"]
[WhiteElo "1951"]
[BlackElo "2076"]
[PlyCount "90"]
[EventDate "2025.01.17"]
[EventType "swiss"]
[EventRounds "5"]
[EventCountry "ENG"]
[SourceTitle "BritBase"]
[Source "John Saunders"]
[SourceDate "2025.09.16"]
[SourceVersion "1"]
[SourceVersionDate "2025.09.16"]
[SourceQuality "1"]

1. d4 d6 2. e4 g6 3. g3 Bg7 4. Bg2 Nd7 5. Nf3 c5 6. O-O Ngf6 7. Nc3 cxd4 8. Nxd4 O-O 9. Be3 Ne5 10. Qe2 a6 11. a4 Qc7 12. Rad1 Bg4 13. f3 Bd7 14. h3 Rab8 15. Kh2 Rfc8 16. Rf2 Qc4 17. Bf1 Qxe2 18. Bxe2 Nc4 19. Bc1 e6 20. f4 Ne8 21. Bf1 Rc7 22. Nce2 Na5 23. b3 b5 24. axb5 axb5 25. Be3 b4 26. Rd2 Nb7 27. g4 Nc5 28. Ng3 Nf6 29. Bg2 e5 30. Nde2 Bxg4 31. Rxd6 Nb7 32. Rxf6 Bxf6 33. hxg4 Rxc2 34. fxe5 Bxe5 35. Nd4 Rc3 36. Rf3 Rxe3 37. Rxe3 Bxd4 38. Rd3 Bc3 39. Rd5 Nd8 40. Ne2 Ne6 41. Kg3 Ra8 42. Nxc3 bxc3 43. Rd1 c2 44. Rc1 Nd4 45. Bf1 Rc8 0-1

[Event "Huddersfield 4NCL Open"]
[Site "Huddersfield"]
[Date "2025.01.18"]
[Round "3.27"]
[White "Rughani, Mahin"]
[Black "Burke, Alex"]
[Result "1-0"]
[WhiteElo "2055"]
[BlackElo "1952"]
[PlyCount "179"]
[EventDate "2025.01.17"]
[EventType "swiss"]
[EventRounds "5"]
[EventCountry "ENG"]
[SourceTitle "BritBase"]
[Source "John Saunders"]
[SourceDate "2025.09.16"]
[SourceVersion "1"]
[SourceVersionDate "2025.09.16"]
[SourceQuality "1"]

1. d4 c5 2. d5 d6 3. Nc3 g6 4. e4 Bg7 5. Bd2 Nf6 6. Nf3 O-O 7. Be2 e6 8. dxe6 Bxe6 9. O-O d5 10. exd5 Nxd5 11. Nxd5 Qxd5 12. c3 Nc6 13. Be3 Qf5 14. Bd3 Qd5 15. Be2 Qf5 16. Qd6 Rfe8 17. Bd3 Qd5 18. Qxd5 Bxd5 19. Bxc5 Rad8 20. Rfd1 f5 21. Ng5 Bxa2 22. Bb5 Rxd1+ 23. Rxd1 Bb3 24. Ra1 a6 25. Bf1 Ne5 26. f4 Nc4 27. Bxc4+ Bxc4 28. Rd1 Bb5 29. Nf3 Bc6 30. Kf2 h6 31. Bb6 Bf6 32. Rd6 Kf7 33. Bd4 Re6 34. Rxe6 Kxe6 35. Bxf6 Kxf6 36. Ne5 Be8 37. Ke3 Ke6 38. Kd4 Kd6 39. g3 g5 40. Nc4+ Ke6 41. Na5 b6 42. Nc4 b5 43. Na5 Kd6 44. Nb7+ Kc6 45. Nc5 gxf4 46. gxf4 a5 47. Nb3 a4 48. Nd2 Bh5 49. Ke5 Bg4 50. Kd4 h5 51. Nf1 Kd6 52. Ne3 Bh3 53. Nd5 Bg4 54. Nf6 Kc6 55. Nd5 h4 56. Ne7+ Kd6 57. Ng6 h3 58. Ne5 Bd1 59. Nf7+ Kc6 60. Nh6 Bg4 61. Ng8 Kd6 62. Nf6 Bd1 63. Nd5 Be2 64. Nb4 Bf1 65. Nc2 Be2 66. Ke3 Bc4 67. Nd4 Kc5 68. Nxf5 b4 69. cxb4+ Kxb4 70. Nd6 Be6 71. Kd2 Kc5 72. Ne4+ Kd4 73. Ng3 Bd5 74. Ne2+ Ke4 75. Nc3+ Kd4 76. Nxa4 Be4 77. Nc3 Bg2 78. Ne2+ Ke4 79. b4 Bf3 80. b5 Kf5 81. Nd4+ Kxf4 82. Nxf3 Kxf3 83. b6 Kg2 84. b7 Kxh2 85. b8=Q+ Kg2 86. Qg8+ Kf2 87. Qf7+ Kg2 88. Ke3 Kh1 89. Kf2 Kh2 90. Qf5 1-0

[Event "Huddersfield 4NCL Open"]
[Site "Huddersfield"]
[Date "2025.01.18"]
[Round "3.28"]
[White "Garnett, John S"]
[Black "Graham, Oliver"]
[Result "0-1"]
[WhiteElo "1994"]
[BlackElo "1878"]
[PlyCount "48"]
[EventDate "2025.01.17"]
[EventType "swiss"]
[EventRounds "5"]
[EventCountry "ENG"]
[SourceTitle "BritBase"]
[Source "John Saunders"]
[SourceDate "2025.09.16"]
[SourceVersion "1"]
[SourceVersionDate "2025.09.16"]
[SourceQuality "1"]

1. d4 Nf6 2. Bg5 d5 3. e3 h6 4. Bxf6 exf6 5. g3 Bd6 6. Bg2 c6 7. Ne2 Bf5 8. Nd2 Nd7 9. c4 dxc4 10. Nxc4 Bc7 11. O-O O-O 12. Rc1 Nb6 13. Na5 Bc8 14. Nb3 Re8 15. Qc2 Bd6 16. Rfd1 Bg4 17. h3 Bh5 18. Nc5 Qe7 19. b4 Nd5 20. b5 Nxe3 21. fxe3 Qxe3+ 22. Kh2 Bxe2 23. Rd2 Qxg3+ 24. Kh1 Qh2# 0-1